00230nam a2200085Ia 4500008004100000082001700041100002100058245004400079300002100123230907s9999||||xx |||||||||||||| ||und|| a720.472bGRI aGrinnell, Scott, 0aRenewable energy & sustainable design / axiv, 306 pages :